000 00629nam a22001937a 4500
999 _c195981
_d195981
005 20230515152008.0
010 _aUR-11997
020 _a9789380934112
_c225.00
035 _aU-10552
037 _bDBAD/PUB
082 _a841
100 _aشاہد احمد دہلوی
245 _aاجڑا دیار /
_cشاہد احمد دہلوی
246 _aUjra Dyar /
_bby Shahid Ahmed Dehlvi
260 _aNew Delhi
_bM.R. Publications
_c2012 ء
270 _a10 Metropole Market, 2724-25 First Floor, Kucha Chelan, Daryaganj
_bNew Delhi
_e110002
300 _a240 ص
_c22cm(Hb)
942 _2ddc
_cUR
_h841
_mش ا ہ